|
|
|
|
| LEADER |
00000nam0a2200000 4500 |
| 001 |
298423 |
| 005 |
20231102001113.0 |
| 010 |
|
|
|a 9785941784486
|
| 035 |
|
|
|a (RuTPU)RU\TPU\book\323566
|
| 090 |
|
|
|a 298423
|
| 100 |
|
|
|a 20150618d2015 km y0rusy50 ca
|
| 101 |
0 |
|
|a rus
|
| 102 |
|
|
|a RU
|
| 105 |
|
|
|a a g 001zy
|
| 200 |
1 |
|
|a Пневматический транспорт
|e справочник
|f Н. Е. Ромакин
|
| 210 |
|
|
|a Старый Оскол
|c ТНТ
|d 2015
|
| 215 |
|
|
|a 296 с.
|c ил.
|
| 320 |
|
|
|a Библиогр.: с. 294-295.
|
| 330 |
|
|
|a Справочник состоит из четырёх глав: пневматические конвейеры, аэрожелоба и пневматические подъёмники, контейнерный пневмотранспорт, воздуходувные машины. Рассмотрены типовые конструкции оборудования пневматического транспорта, приведены их основные параметры и технические характеристики, систематизирован и обобщён опыт по проектированию пневмотранспорта, приведены справочные данные, необходимые для расчёта и подбора оборудования.Справочник предназначен для студентов высших учебных заведений, а также может быть полезен специалистам, занимающимся проектированием и эксплуатацией пневматического транспорта в различных отраслях производства.
|
| 606 |
1 |
|
|a Пневматические транспортные установки
|2 stltpush
|3 (RuTPU)RU\TPU\subj\49450
|9 68248
|
| 610 |
1 |
|
|a пневматические конвейеры
|
| 610 |
1 |
|
|a аэрожелоба
|
| 610 |
1 |
|
|a пневматические подъемники
|
| 610 |
1 |
|
|a контейнерный пневмотранспорт
|
| 610 |
1 |
|
|a воздуходувные машины
|
| 610 |
1 |
|
|a типовые конструкции
|
| 610 |
1 |
|
|a параметры
|
| 610 |
1 |
|
|a технические характеристики
|
| 610 |
1 |
|
|a проектирование
|
| 610 |
1 |
|
|a расчет
|
| 610 |
1 |
|
|a справочники
|
| 675 |
|
|
|a 621.867.8(035)
|v 4
|
| 700 |
|
1 |
|a Ромакин
|b Н. Е.
|g Николай Егорович
|
| 801 |
|
1 |
|a RU
|b 63413507
|c 20150618
|
| 801 |
|
2 |
|a RU
|b 63413507
|c 20151126
|g RCR
|
| 900 |
|
|
|a Энергетика
|
| 900 |
|
|
|a Горные машины и оборудование подземных разработок
|
| 942 |
|
|
|c BK
|
| 959 |
|
|
|a 88/20150618
|d 1
|e 550,00
|f ЧЗТЛ:1
|